[Event "Moscow op-B"]
[Site "Moscow"]
[Date "2009.02.04"]
[Round "5"]
[White "Antonov, Alexandr"]
[Black "Dragunov, Vladimir"]
[Result "1-0"]
[WhiteElo "2121"]
[BlackElo "1969"]
[PlyCount "85"]
[EventDate "2009.01.31"]
[EventType "swiss"]
[EventRounds "9"]
[EventCountry "RUS"]
[SourceTitle "EXT 2012"]
[Source "ChessBase"]
[SourceDate "2011.11.24"]
[SourceVersion "1"]
[SourceVersionDate "2011.11.24"]
[SourceQuality "1"]

1. e4 c5 2. Nf3 Nc6 3. d4 cxd4 4. Nxd4 Nf6 5. Nc3 e5 6. Ndb5 a6 7. Na3 d6 8. Bg5 b5 9. Nd5 Be7 10. Bxf6 gxf6 11. c3 f5 12. exf5 Bxf5 13. Nc2 0-0 14. Nce3 Bg6 15. a4 b4 16. cxb4 Nd4 17. Bc4 Kg7 18. 0-0 f6 19. Bd3 f5 20. Nc2 Ne6 21. Qe2 f4 22. f3 Nc7 23. Bxg6 Nxd5 24. Be4 Nxb4 25. Bxa8 Nxc2 26. Qxc2 Qxa8 27. Qc7 Kf6 28. Rfc1 Rg8 29. Rc6 Ke6 30. Rd1 Rd8 31. Rb6 Rd7 32. Qc4+ Kf6 33. Rxa6 Qb7 34. Qc6 Ke6 35. Qxb7 Rxb7 36. Ra1 Rxb2 37. a5 Bf6 38. Rb6 Rc2 39. Rd1 Be7 40. Rbb1 d5 41. Rdc1 Rd2 42. a6 Ra2 43. Kh1 1-0